书目信息 |
| 题名: |
太阳辐射浅说
|
|
| 作者: | 李玉海 , 狄勉祖 著 | |
| 分册: | ||
| 出版信息: | 北京 农业出版社 1978 |
|
| 页数: | 58页 | |
| 开本: | 19cm | |
| 丛书名: | ||
| 单 册: | ||
| 中图分类: | P182-49 | |
| 科图分类: | ||
| 主题词: | 太阳辐射--普及读物 | |
| 电子资源: | ||
| ISBN: | ||
| 000 | 00608nam0 2200229 45 | |
| 001 | 0178005911 | |
| 005 | 20060810081821.43 | |
| 010 | @dCNY0.17 | |
| 091 | @a13144.183 | |
| 100 | @a19950726d1978 em y0chiy0121 ea | |
| 101 | 0 | @achi |
| 102 | @aCN@b110000 | |
| 105 | @ay z 000yy | |
| 200 | 10 | @a太阳辐射浅说@Atai yang fu she qian shuo@f李玉海,狄勉祖著 |
| 210 | @a北京@c农业出版社@d1978 | |
| 215 | @a58页@d19cm | |
| 606 | @a太阳辐射@x普及读物 | |
| 690 | @aP182-49@v3 | |
| 701 | 0 | @a李玉海@Ali yu hai@4著 |
| 701 | 0 | @a狄勉祖@Adi mian zu@4著 |
| 801 | 0 | @aCN@bTSSF@c20060810 |
| 905 | @a10447@dP182-49@e108 | |
| 太阳辐射浅说/李玉海,狄勉祖著.-北京:农业出版社,1978 |
| 58页;19cm |
| ISBN :CNY0.17 |
| ● |
| 相关链接 |
|
|
|
|
正题名:太阳辐射浅说
索取号:P182-49/108
 
预约/预借
| 序号 | 登录号 | 条形码 | 馆藏地/架位号 | 状态 | 备注 |
| 1 | 0452033 | 204520330 | 密集书库/ [索取号:P182-49/108] | 在馆 |